Colleges & Universities in the Greater Boston Area - Statistics

General Stats
  • This quiz has been taken 135 times
  • The average score is 11 of 29
Answer Stats
Hint Answer % Correct
Boston 33,000 Boston University
99%
Newton 14,750 Boston College
97%
Cambridge 21,600 Harvard University
97%
Cambridge 11,500 Massachusetts Institute of Technology
89%
Boston 22,200 Northeastern University
81%
Medford 11,800 Tufts University
73%
Boston 16,000 University of Massachusetts Boston
63%
Waltham 5,800 Brandeis University
59%
Boston 5,000 Emerson College
49%
Cambridge 4,500 Lesley University
44%
Boston 7,100 Suffolk University
43%
Boston 4,500 Wentworth Institute of Technology
39%
Waltham 5,300 Bentley University
38%
Boston 6,500 Simmons University
35%
Boston 7,000 Berklee College of Music
32%
Boston 2,200 Emmanuel College
30%
Cambridge 2,300 Cambridge College
29%
Boston 2,100 Massachusetts College of Art and Design
26%
Quincy 3,400 Quincy College
21%
Boston 7,400 Massachusetts College of Pharmacy and Health Sciences
19%
Milton 2,500 Curry College
17%
Waltham/Newton 2,000 Lasell University
15%
Boston 840 New England Conservatory
14%
Boston 1,600 Fisher College
11%
Boston 730 Boston Architectural College
8%
Quincy 770 Eastern Nazarene College
6%
Newton 170 Hebrew College
4%
Brookline 130 Hellenic College
4%
Boston 153 Boston Baptist College
1%
No matching quizzes found
Score Distribution
Percent of People with Each Score
Percentile by Number Answered
Your Score History
You have not taken this quiz